Deciphering the service charge code (Record no. 83369)

MARC details
000 -LEADER
fixed length control field 01289cab a22002295a 4500
001 - CONTROL NUMBER
control field L153774
008 - FIXED-LENGTH DATA ELEMENTS--GENERAL INFORMATION
fixed length control field 110830s2011 xxk 000 0 eng d
035 ## - SYSTEM CONTROL NUMBER
System control number (Sirsi) u153774
041 0# - LANGUAGE CODE
Language code of text/sound track or separate title eng
100 1# - MAIN ENTRY--PERSONAL NAME
Personal name Newstead, Jackie
245 00 - TITLE STATEMENT
Title Deciphering the service charge code
260 ## - PUBLICATION, DISTRIBUTION, ETC.
Date of publication, distribution, etc. 2011
490 #0 - SERIES STATEMENT
Series statement Hogan Lovells Real Estate Quarterly
Volume/sequential designation Summer 2011, 2-3(2)
520 ## - SUMMARY, ETC.
Summary, etc. Summarises the 26 core principles of the revised RICS Service Charges in Commercial Property Code of Practice effective 1 October 2011. Discusses whether the Code is binding. Refers to the draft service charge provisions for offices and for shopping centres authored by the City of London Law Society available from www.citysolicitors.org.uk. Assesses the chances that the Code will be widely supported by landlords and tenants and reminds all parties that legislation may follow when industry wide recommendations as in the Code are not taken up.
590 ## - LOCAL NOTE (RLIN)
Local note KA
650 24 - SUBJECT ADDED ENTRY--TOPICAL TERM
Topical term or geographic name entry element RICS SERVICES CHARGES IN COMMERCIAL PROPERTY 2011
650 24 - SUBJECT ADDED ENTRY--TOPICAL TERM
Topical term or geographic name entry element PRINCES HOUSE LTD V DISTINCTIVE CLUBS LTD
651 #4 - SUBJECT ADDED ENTRY--GEOGRAPHIC NAME
Geographic name England and Wales
Chronological subdivision 1543-
690 ## - LOCAL SUBJECT ADDED ENTRY--TOPICAL TERM (OCLC, RLIN)
Topical term or geographic name as entry element PROPERTY-COMMERCIAL PROPERTY-LEASEHOLD COMMERCIAL PROPERTY-COMMERCIAL LANDLORD AND TENANT-COMMERCIAL SERVICE CHARGES
700 1# - ADDED ENTRY--PERSONAL NAME
Personal name Oliver, Laura
942 ## - ADDED ENTRY ELEMENTS (KOHA)
Suppress in OPAC 0
Holdings
Withdrawn status Lost status Source of classification or shelving scheme Damaged status Not for loan Home library Current library Shelving location Date acquired Total Checkouts Full call number Barcode Date last seen Copy number Price effective from Koha item type
    Dewey Decimal Classification     London London Journal article 30/08/2011   L153774 153774-1001 06/08/2019 1 06/08/2019 Journal article